Liedtext - Wunderbaren Jahren - Sportfreunde Stiller - Statistiken

Allgemein
  • Dieses Quiz wurde 40 mal gespielt
  • Das Durchschnittsergebnis liegt bei 140 aus 185
Antwortstatistiken
Textquiz % Korrekt
Ja
100%
ja
100%
wunderbaren
100%
ich
97%
Ich
97%
Jahren
97%
all
94%
den
94%
In
94%
in
94%
Wir
91%
die
85%
das
82%
es
82%
Sie
82%
denen
79%
wie
79%
zu
79%
so
76%
und
76%
Und
76%
war
76%
mit
73%
Mit
73%
nicht
73%
uns
73%
haben
70%
vor
70%
bin
67%
noch
67%
eine
64%
schon
61%
um
61%
viel
61%
Auf
58%
bei
58%
hat
58%
Oder
58%
sein
58%
nur
55%
einem
52%
war'n
52%
können
48%
nein
48%
nichts
48%
gesehen
45%
hätten
45%
bereit
42%
lang
42%
oft
42%
Oh
42%
unseren
42%
vorbei
42%
wars
42%
doch
39%
Herz
39%
müssen
39%
Träumen
39%
große
36%
wohl
36%
getan
33%
Augen
30%
breit
30%
Daran
30%
Eis
30%
gefehlt
30%
gelegen
30%
Gelegenheit
30%
geschlittert
30%
geschlossenen
30%
Haaresspitze
30%
Ideen
30%
Nächte
30%
knapp
27%
leider
27%
scheinbar
27%
Zwei'n
27%
Sinn
24%
erhofft
21%
unglaublich
21%
unsren
21%
Eingesperrtem
15%
Keine übereinstimmenden Quizze gefunden
Verteilung der Resultate
Anzahl Personen mit jedem Resultat
Perzentil nach korrekt beantworteten Fragen
Ihre Resultats-Entwicklung
Sie haben dieses Quiz noch nicht gespielt